000
00295nam a2200133Ia 4500
100
_a
Pritchard.R.T
942
_c
BK
654
_a
Workshop
245
_a
Workshop Processes Vol I & II
260
_b
English language book society
_c
2001
082
_a
671.4
300
_a
214
546
_a
ENGLISH
999
_c
25565
_d
25565